000 00649cam a2200229 4500500
005 20260405002051.0
041 _afre
042 _adc
100 1 0 _aFleury, Pauline
_eauthor
245 0 0 _aDe la dialectique appliquée à la stratégie turque
260 _c2015.
500 _a39
690 _aContradiction
690 _aDaech
690 _aGuerre
690 _aKurdes
690 _aMao Zedong
690 _aMarx
690 _aTurquie
786 0 _nPhilosophie magazine | 93 | 10 | 2015-10-01 | p. 2-2 | 1951-1787
856 4 1 _uhttps://shs.cairn.info/magazine-philosophie-magazine-2015-10-page-2?lang=fr&redirect-ssocas=7080
999 _c2053883
_d2053883